| 000 | 01474cam a22003497a 4500 | ||
|---|---|---|---|
| 999 |
_c6974 _d6974 |
||
| 001 | 15040944 | ||
| 003 | OSt | ||
| 005 | 20210601133122.0 | ||
| 008 | 071011s2007 enka b 001 0 eng | ||
| 010 | _a 2007702729 | ||
| 015 |
_aGBA722469 _2bnb |
||
| 016 | 7 |
_a013699390 _2Uk |
|
| 020 | _a9780521831321 (hbk.) | ||
| 020 | _a9780521538565 (pbk.) | ||
| 035 | _a(OCoLC)ocm86167437 | ||
| 040 |
_aUKM _cDDC _dBAKER _dBTCTA _dYDXCP _dTXA _dDLC |
||
| 042 |
_aukblcatcopy _alccopycat |
||
| 050 | 0 | 0 |
_aQH541.15.M3 _bK65 2007 |
| 082 | 0 | 4 | _a570.92KOK 2007 |
| 100 | 1 |
_aKokko, Hanna. _914314 |
|
| 245 | 1 | 0 |
_aModelling for field biologists and other interesting people / _cHanna Kokko. |
| 260 |
_aCambridge : _bCambridge University Press, _c2007. |
||
| 300 |
_axii, 230 p. : _bill. ; _c24 cm. |
||
| 504 | _aIncludes bibliographical references and index. | ||
| 650 | 0 |
_aEcology _xMathematical models. _914315 |
|
| 856 | 4 | 2 |
_3Contributor biographical information _uhttp://www.loc.gov/catdir/enhancements/fy0805/2007702729-b.html |
| 856 | 4 | 2 |
_3Publisher description _uhttp://www.loc.gov/catdir/enhancements/fy0805/2007702729-d.html |
| 856 | 4 | 1 |
_3Table of contents only _uhttp://www.loc.gov/catdir/enhancements/fy0805/2007702729-t.html |
| 906 |
_a7 _bcbc _ccopycat _d2 _encip _f20 _gy-gencatlg |
||
| 942 |
_2ddc _cO_SHELF |
||